MARC

LEADER 00000nas a2200000 a 4500
001 ssj0000314127
003 WaSeSS
005 20200512172242.0
006 m d
007 cr n
008 091019c20079999sp fr p s 0 0spa
010 |a  2009213574 
022 |l 1887-8598  |y 1887-8598 
035 |a (WaSeSS)ssj0000314127 
040 |a DLC  |b eng  |c DLC  |d OCLCQ  |d TXA  |d OCLCF  |d OCLCO  |d OCLCA  |d CUS  |d RDF  |d OCLCA  |d WaSeSS 
041 0 |a spa  |b eng 
042 |a pcc 
050 0 0 |a HF5801  |b .P46 
210 0 |a Pensar public. 
222 0 |a Pensar la publicidad 
245 0 0 |a Pensar la publicidad  |h [electronic resource] :  |b PLP. 
246 3 0 |a PLP 
260 |a Madrid : Servicio de Publicaciones, Universidad Complutense ;  |a Valladolid :  |b Secretariado de Publicaciones e Intercambio Científico, Universidad de Valladolid,  |c 2007- 
310 |a Semiannual 
362 0 |a Vol. 1, no. 1 (2007)- 
500 |a "Revista internacional de investigaciones publicitarias." 
500 |a Cover title. 
506 |a License restrictions may limit access. 
546 |a Summaries in English. 
650 0 |a Advertising  |x Social aspects  |v Periodicals. 
650 0 |a Advertising  |x Psychological aspects  |v Periodicals. 
650 7 |a Advertising  |x Psychological aspects.  |2 fast  |0 (OCoLC)fst00797734 
650 7 |a Advertising  |x Social aspects.  |2 fast  |0 (OCoLC)fst00797762 
655 0 |a Electronic journals. 
710 2 |a Universidad Complutense de Madrid. 
710 2 |a Universidad de Valladolid. 
850 |a DLC 
856 4 0 |z Full text available from PRISMA Database with HAPI Index: 01/01/2007 to 01/31/2016  |u https://search.proquest.com/publication/237372